| 000 | 00662nam a22001817a 4500 | ||
|---|---|---|---|
| 999 |
_c14955 _d14955 |
||
| 003 | OSt | ||
| 082 | _2631.3 ATH/DE | ||
| 088 | _aP 330 | ||
| 100 |
_aATHIRA PRASAD _aSHAHAMA K _aMUKESH KUMAR _93845 |
||
| 245 | _aDevelopment of pineapple harvesting attachment for brush cutter | ||
| 260 |
_aTavanur 2016 _bDEPARTMENT OF FARM POWER MACHINERY AND ENERGY |
||
| 300 | _a35 | ||
| 500 | _aDevelopment of pineapple harvesting attachment for brush cutter | ||
| 520 | _aDevelopment of pineapple harvesting attachment for brush cutter | ||
| 700 |
_aShivaji K.P (Guide) _93846 |
||
| 856 | _uhttps://drive.google.com/open?id=1XU5u8yQLA7QMM9Zc7Q-uZKhMA7xNqhqw | ||
| 942 | _cPR | ||